000 00963nam a2200277 a 4500
001 59508
003 BD-RjUL
005 20211209080735.0
008 161226s1980 enka b 001 0 eng
020 _a0566021544 :
_c£19.50
035 _a(BD-RjUL)59632
040 _aDLC
_cDLC
_dBD-RjUL
_beng
041 _aeng
082 0 0 _a658.0941
_223
_bCOM 1980
245 0 0 _aCompany administration handbook /
250 _a4th ed.
260 _aFarnborough, Hants. :
_bGower Press,
_c1980.
300 _axxiii, 802 p. :
_bill. ;
_c24 cm.
500 _a"Supplement to fourth edition" 7 p. inserted.
504 _aIncludes bibliographical references and index.
650 0 _aIndustrial management
_zGreat Britain
_xHandbooks, manuals, etc.
_9177004
650 0 _aCorporation law
_zGreat Britain
_xHandbooks, manuals, etc.
_9177005
650 0 _aCorporation secretaries
_zGreat Britain
_xHandbooks, manuals, etc.
_9177006
942 _2ddc
_cBK
999 _c59508
_d59508